000
00324nam a2200109Ia 4500
008
200302s9999 xx 000 0 und d
100
_a
Faculty of Architecture
245
_a
Pedagogy Humanities Course Work: A Linguistic Coding of Architecture
260
_b
Cept University Press Ahmedabad
260
_c
2012
300
_a
122 P.,
999
_c
3214
_d
3214